=LDR 00000nam 2200000 4500 =001 INLIS000000000017078 =005 20130612112253 =008 ***********************************Ind** =035 ##$$0010-061300000017078 =041 ##$$a Ind =082 ##$$a 639.34 =090 ##$$a 639.34, Les a =100 ##$$a Lesmana, Darti Satyani =245 ##$$a Agar ikan hias cemerlang, Darti Satyani Lesmana =260 ##$$a 2004 $b Jakarta =300 ##$$a vi, 66 hlm, Ilus, 20,5 cm =650 ##$$a Akuarium =850 ##$$a NBPNMAT =990 ##$$a 0001/BPAP-NTB/20142015